Devine le footballeur passé par ses 3 clubs - Statistiques

Statistiques générales
  • Ce quiz a été pris 81 fois
  • Le résultat moyen est 4 sur 14
Statistiques - réponses
Par images Réponse % Correct
Xabi Alonso
73%
Pierre-Emerick Aubameyang
65%
Adrien Rabiot
52%
Kingsley Coman
45%
Philippe Coutinho
41%
Fabinho
29%
David Beckham
12%
João Cancelo
12%
Alexis Sánchez
11%
Lassana Diarra
11%
Theo Hernandez
9%
Samuel Eto'o
8%
Pepe Reina
5%
Nicolas Anelka
2%
Aucun quiz correspondant
Distribution des résultats
% des personnes avec chaque résultat
Percentile par nombre de réponses
Votre historique - résultats
Vous n’avez pas pris ce quiz